000 00277nam a2200121Ia 4500
008 191201s2004 xx 000 0 und d
100 _aHEITNER, Joseph
245 0 _aAutomotive Mechanics
260 _bCBS PUB.
_c2004
300 _a608
650 _aB.Tech(ME)
942 _2ddc
_cBK
999 _c6831
_d6831